| 000 | 01930nam a2200493Ii 4500 | ||
|---|---|---|---|
| 001 | DIG0000069 | ||
| 003 | NyNyDIG | ||
| 006 | m o d | ||
| 007 | cr ||||||||||| | ||
| 008 | 100206s2003 sp o 000 d spa d | ||
| 020 | _z8495839326 | ||
| 020 | _z9788495839329 | ||
| 035 | _a(OCoLC)875214202 | ||
| 040 |
_aDGITA _beng _epn _cDGITA |
||
| 050 | 0 | 4 | _aPN1997.2 eBook |
| 100 | 1 |
_aHarwood, Ronald, _d1934- |
|
| 245 | 1 | 3 |
_aEl pianista : _bguión [cinematográfico] / _cde Ronald Harwood ; basada en las memorias publicadas de Wladyslaw Szpilman. |
| 250 | _a1a. ed. en la Colección Espiral. | ||
| 264 | 1 |
_aMadrid : _bOcho y Medio, Libros de Cine, _c2003. |
|
| 300 | _a1 online resource (135 pages) | ||
| 336 |
_atext _btxt _2rdacontent |
||
| 337 |
_acomputer _bc _2rdamedia |
||
| 338 |
_aonline resource _bcr _2rdacarrier |
||
| 490 | 1 |
_aColección Espiral ; _v29 |
|
| 500 | _aIncludes the film script and background information on the film (artistic and technical) | ||
| 500 | _a"Para la pelicula dirigida por Roman Polanski" --(Cover) | ||
| 500 | _aTraducido del inglés por Josep Llurba Naval. | ||
| 600 | 1 | 0 |
_aSzpilman, Władysław, _d1911-2000 _vDrama |
| 630 | 0 | 0 | _aPianist (Motion picture : 2002) |
| 650 | 0 | _aMotion picture plays | |
| 650 | 0 |
_aJews _zPoland _vDrama. |
|
| 650 | 0 |
_aHolocaust, Jewish (1939-1945) _zPoland _zWarsaw _vDrama |
|
| 650 | 0 |
_aJewish musicians _zPoland _zWarsaw _vDrama |
|
| 655 | 0 | _aElectronic books. | |
| 700 | 1 |
_aSzpilman, Władysław, _d1911-2000 _tSmierć miasta _lSpanish _f1946 |
|
| 700 | 1 |
_aPolanski, Roman, _d1933- |
|
| 791 | 2 |
_aDigitalia (Firm), _edistributor. |
|
| 730 | 0 | _aPianist (Motion picture : 2002) | |
| 793 | 0 |
_gDigitalia eBook Collection: _aOcho y Medio. |
|
| 830 | 0 |
_aColección Espiral (Madrid, Spain) ; _v29. |
|
| 856 | 4 | 0 |
_3Digitalia Hispánica _uhttps://www.digitaliapublishing.com/a/404/ |
| 910 | _aPremium Collection: 2007-2012 | ||
| 942 | _cRAA | ||
| 999 |
_c229493 _d229493 |
||